Sociología de la educación (Registro nro. 31463)

Detalles MARC
000 -LEADER
fixed length control field 00316 a2200109 4500
001 - CONTROL NUMBER
control field ART_30491
005 - DATE AND TIME OF LATEST TRANSACTION
control field 20260410162003.0
008 - FIXED-LENGTH DATA ELEMENTS--GENERAL INFORMATION
fixed length control field 260409a
100 1# - MAIN ENTRY--PERSONAL NAME
Personal name González Fernández, Enrique
245 10 - TITLE STATEMENT
Title Sociología de la educación
773 0# - HOST ITEM ENTRY
Title Foro político
Related parts - Vol. XVII (ago. 1996)
Record control number REV30389

No hay ítems disponibles.